| 000 | 00853nas a2200253 454500 | ||
|---|---|---|---|
| 001 | 39386 | ||
| 005 | 20260407193510.0 | ||
| 008 | 260407s1976####ag###########|||spa#d | ||
| 003 | AR-UNSa-BCEJYS | ||
| 040 |
_aAR-UNSa-BCEJYS _bspa _cAR-UNSa-BCEJYS |
||
| 080 |
_a338.2 _xPolítica económica. Control de la economía. Gestión de la economía. Planificación económica |
||
| 245 | 1 | 0 | _aRevista de economía |
| 264 | 1 |
_aBuenos Aires : _b[s.n.] _c1976 |
|
| 310 | _aFrecuencia: Semestral | ||
| 041 | _aspa | ||
| 942 | _cSER | ||
| 590 | _aniveau_biblio:s niveau_hierar:1 | ||
| 100 | 1 | _aBanco de la Nación Argentina | |
| 650 | _aIntegración económica | ||
| 650 | _aPolítica económica | ||
| 650 | _aECONOMIA | ||
| 650 | _aECONOMIA INTERNACIONAL | ||
| 856 | 4 | 1 |
_uhttps://biblioeco.unsa.edu.ar/pmb/images/revistas/R20327.jpg _yImagen de portada _qimage/jpeg |
| 999 |
_c8834 _d8834 |
||